[Event "London Classic Superrapid"]
[Site "London ENG"]
[Date "2016.12.18"]
[Round "6.2"]
[White "Iturrizaga Bonelli, Eduardo"]
[Black "Cornette, Matthieu"]
[Result "1/2-1/2"]
[WhiteTitle "GM"]
[BlackTitle "GM"]
[WhiteElo "2652"]
[BlackElo "2597"]
[WhiteFideId "3901211"]
[BlackFideId "620084"]
[EventDate "2016.12.17"]

1. Nf3 Nf6 2. c4 e6 3. g3 d5 4. b3 d4 5. Bg2 c5 6. e3 Nc6 7. exd4 cxd4 8. O-O
Bd6 9. d3 O-O 10. a3 a5 11. Re1 e5 12. Nbd2 h6 13. c5 Bxc5 14. Nxe5 Nxe5 15.
Rxe5 Bd6 16. Rb5 Bg4 17. Bf3 Qd7 18. a4 Rfe8 19. Bxg4 Nxg4 20. Ne4 Bb4 21. Bd2
Bxd2 22. Nxd2 Ne5 23. Nc4 Qc7 24. Nxe5 Rxe5 25. Rc1 Qe7 26. Qf3 Rxb5 27. axb5
Rd8 28. b6 Rd6 29. Qf5 g6 30. Qxa5 Kg7 31. Rc4 Qe2 32. Qc5 Rf6 33. Qxd4 Qd1+ 34.
Kg2 Qf3+ 35. Kg1 Qd1+ 36. Kg2 Qf3+ 1/2-1/2

[Event "London Classic Superrapid"]
[Site "London ENG"]
[Date "2016.12.18"]
[Round "6.3"]
[White "Blomqvist, Erik"]
[Black "Istratescu, Andrei"]
[Result "1/2-1/2"]
[WhiteTitle "GM"]
[BlackTitle "GM"]
[WhiteElo "2567"]
[BlackElo "2596"]
[WhiteFideId "1709437"]
[BlackFideId "1200372"]
[EventDate "2016.12.17"]

1. Nf3 Nf6 2. c4 e6 3. g3 b6 4. Bg2 Bb7 5. O-O c5 6. Nc3 d6 7. d4 cxd4 8. Qxd4
a6 9. Bg5 Be7 10. Bxf6 Bxf6 11. Qf4 O-O 12. Rfd1 Be7 13. Ne4 Bxe4 14. Qxe4 Ra7
15. Nd4 Rc7 16. b3 Qc8 17. e3 Rc5 18. a4 d5 19. cxd5 Rxd5 20. Qg4 Rg5 21. Qe2
Rd8 22. h4 Rc5 23. b4 Rc7 24. b5 Bf6 25. bxa6 Qxa6 26. Qxa6 Nxa6 27. a5 bxa5 28.
Rxa5 Nb8 29. Ra8 e5 30. Rb1 exd4 31. Rbxb8 Rd7 32. Rxd8+ Rxd8 1/2-1/2

[Event "London Classic Superrapid"]
[Site "London ENG"]
[Date "2016.12.18"]
[Round "6.4"]
[White "Shabalov, Alexander"]
[Black "McShane, Luke J"]
[Result "1-0"]
[WhiteTitle "GM"]
[BlackTitle "GM"]
[WhiteElo "2563"]
[BlackElo "2652"]
[WhiteFideId "2008572"]
[BlackFideId "404853"]
[EventDate "2016.12.17"]

1. d4 d5 2. c4 c6 3. Nc3 Nf6 4. Nf3 a6 5. c5 Nbd7 6. Bf4 Nh5 7. Bg5 h6 8. Be3 g6
9. g3 Bg7 10. Bg2 f5 11. Nh4 Nf8 12. f4 Nf6 13. Nf3 Ne4 14. Ne5 Be6 15. Qb3 Rb8
16. Rd1 Bf6 17. O-O h5 18. Bxe4 fxe4 19. Nxg6 Nxg6 20. f5 h4 21. g4 b6 22. fxe6
bxc5 23. Qa4 Qd6 24. dxc5 Qxe6 25. Nxd5 O-O 26. Nxf6+ Rxf6 27. Rxf6 exf6 28. Kh1
Rxb2 29. Qxa6 Rxa2 30. Qb6 Rxe2 31. Qd8+ Kf7 32. Bh6 Qe8 33. Qc7+ Ne7 34. g5 Qc8
35. g6+ Ke8 36. Qd6 e3 37. Qxf6 Rd2 38. Qf7+ Kd8 39. Ra1 Qg4 40. Qf8+ Kd7 41.
Ra7+ Ke6 42. Qxe7+ Kf5 43. Qf7+ Ke5 44. Re7+ Kd4 45. Bxe3+ Kd3 46. Qb3+ Ke2 47.
Bxd2+ Kxd2 48. Qe3+ Kd1 49. Qe1+ Kc2 50. Qe2+ 1-0

[Event "London Classic Superrapid"]
[Site "London ENG"]
[Date "2016.12.18"]
[Round "6.5"]
[White "Melkumyan, Hrant"]
[Black "Williams, Simon K"]
[Result "1-0"]
[WhiteTitle "GM"]
[BlackTitle "GM"]
[WhiteElo "2633"]
[BlackElo "2443"]
[WhiteFideId "13302485"]
[BlackFideId "404454"]
[EventDate "2016.12.17"]

1. Nf3 f5 2. c4 Nf6 3. Nc3 e6 4. g3 Be7 5. Bg2 O-O 6. O-O d6 7. d4 Ne4 8. Qc2
Nxc3 9. Qxc3 a5 10. Re1 Nc6 11. b3 e5 12. Bb2 e4 13. Nd2 d5 14. cxd5 Nb4 15. Nc4
Nxd5 16. Qc2 Be6 17. a3 Qe8 18. f4 h5 19. e3 b5 20. Ne5 Bd6 21. Rac1 Bxe5 22.
dxe5 a4 23. b4 Nb6 24. Bd4 Nc4 25. Qc3 Qg6 26. Kf2 h4 27. Rg1 hxg3+ 28. hxg3 Qg4
29. Rh1 Qg6 30. Rh4 Qe8 31. Rch1 Kf7 32. Bf1 Qc6 33. Be2 Ke8 34. Bc5 Rg8 35. Rh8
Kf7 36. R8h7 Ke8 37. Rd1 Bf7 38. e6 Qxe6 39. Rxg7 Rh8 40. Bxc4 bxc4 41. Qe5 Qxe5
42. fxe5 Ra6 43. e6 Rxe6 44. Rd5 c3 45. Bd4 Reh6 46. Re5+ Kd8 47. g4 c2 48. Rc5
R8h7 49. Rxh7 Rxh7 50. Kg3 fxg4 51. Rxc2 Be6 52. Rc5 Rh3+ 53. Kg2 Rf3 54. Ra5
Bc4 55. Kg1 Bf1 56. Rxa4 Bh3 57. Kh2 Bf1 58. Ra8+ Kd7 59. Rg8 Bh3 60. a4 Kc6 61.
b5+ Kd5 62. a5 Rf2+ 63. Kg3 Ra2 64. a6 c5 65. bxc6 Rg2+ 66. Kh4 1-0

[Event "London Classic Superrapid"]
[Site "London ENG"]
[Date "2016.12.18"]
[Round "6.6"]
[White "Hawkins, Jonathan"]
[Black "Bacrot, Etienne"]
[Result "0-1"]
[WhiteTitle "GM"]
[BlackTitle "GM"]
[WhiteElo "2590"]
[BlackElo "2689"]
[WhiteFideId "412686"]
[BlackFideId "605506"]
[EventDate "2016.12.17"]

1. d4 Nf6 2. c4 e6 3. Nc3 d5 4. Nf3 Nbd7 5. Bg5 c6 6. e3 h6 7. Bh4 g5 8. Bg3 Nh5
9. Be5 Nxe5 10. Nxe5 Nf6 11. Bd3 Nd7 12. Nxd7 Bxd7 13. O-O Bg7 14. Qh5 O-O 15.
cxd5 exd5 16. Rac1 f5 17. Qe2 Qe7 18. Rfe1 Rae8 19. Qc2 Qf6 20. b4 f4 21. b5 g4
22. Rf1 fxe3 23. fxe3 Qg5 24. Rxf8+ Bxf8 25. Nd1 g3 26. h3 cxb5 27. Qb3 b4 28.
Rc7 Re7 29. Qxb4 Bxh3 30. Rxe7 Bxe7 31. Qxb7 Bg4 0-1

[Event "London Classic Superrapid"]
[Site "London ENG"]
[Date "2016.12.18"]
[Round "6.7"]
[White "Ehlvest, Jaan"]
[Black "Zinchenko, Yaroslav"]
[Result "1/2-1/2"]
[WhiteTitle "GM"]
[BlackTitle "GM"]
[WhiteElo "2532"]
[BlackElo "2547"]
[WhiteFideId "4500016"]
[BlackFideId "14110547"]
[EventDate "2016.12.17"]

1. Nf3 Nf6 2. g3 g6 3. b3 Bg7 4. Bb2 O-O 5. Bg2 d5 6. c4 c5 7. cxd5 Qxd5 8. d3
Nc6 9. Nbd2 b6 10. O-O Bb7 11. a3 Rac8 12. b4 cxb4 13. axb4 Qb5 14. Nd4 Qxb4 15.
Bxc6 Bxc6 16. Nc4 b5 17. Ba3 Qc3 18. Bb2 Qb4 19. Ba3 1/2-1/2

[Event "London Classic Superrapid"]
[Site "London ENG"]
[Date "2016.12.18"]
[Round "6.8"]
[White "Smirin, Ilia"]
[Black "Gunina, Valentina"]
[Result "0-1"]
[WhiteTitle "GM"]
[BlackTitle "GM"]
[WhiteElo "2669"]
[BlackElo "2525"]
[WhiteFideId "2801990"]
[BlackFideId "4167570"]
[EventDate "2016.12.17"]

1. e4 c6 2. d3 d5 3. Nd2 e5 4. Ngf3 Bd6 5. d4 exd4 6. exd5 Nf6 7. dxc6 Nxc6 8.
Be2 O-O 9. O-O Bg4 10. Nb3 Qc7 11. h3 Bxf3 12. Bxf3 Rad8 13. Bg5 Bh2+ 14. Kh1
Be5 15. Nc5 h6 16. Bh4 Ne7 17. Nd3 Ng6 18. Bxf6 Bxf6 19. Re1 Rfe8 20. Be4 Ne5
21. Nf4 Nc4 22. Nh5 Bg5 23. h4 Bxh4 24. Qg4 Bg5 25. f4 Ne3 26. Rxe3 dxe3 27.
fxg5 hxg5 28. Rf1 Qe5 29. Ng3 Rd4 30. Qf3 Re7 31. Qxe3 g6 32. c3 Ra4 33. a3 Qh8+
34. Kg1 Qh4 35. b4 Ra6 36. Qd3 Kg7 37. Bd5 g4 38. Ne4 f6 39. g3 Qh5 40. Bxb7
Rxa3 41. Bd5 Qe5 42. Rxf6 Rd7 43. Rxg6+ Kxg6 44. Nc5+ Kh6 45. Nxd7 Ra1+ 46. Kh2
Qh5+ 47. Kg2 Qh1+ 48. Kf2 Qe1+ 0-1

[Event "London Classic Superrapid"]
[Site "London ENG"]
[Date "2016.12.18"]
[Round "6.9"]
[White "Fressinet, Laurent"]
[Black "Kilpatrick, Callum"]
[Result "1-0"]
[WhiteTitle "GM"]
[BlackTitle "FM"]
[WhiteElo "2672"]
[BlackElo "2348"]
[WhiteFideId "608742"]
[BlackFideId "414425"]
[EventDate "2016.12.17"]

1. Nf3 Nf6 2. g3 g6 3. b3 Bg7 4. Bb2 O-O 5. Bg2 d6 6. d4 Nbd7 7. O-O e5 8. dxe5
Ng4 9. Nc3 Ngxe5 10. Nxe5 Nxe5 11. Qd2 Nc6 12. Rab1 Re8 13. Nd5 Bxb2 14. Rxb2
Be6 15. c4 Bxd5 16. cxd5 Ne5 17. Rc2 Qd7 18. Rfc1 Rac8 19. h3 Qd8 20. Rc3 c5 21.
dxc6 Nxc6 22. Rd3 Re6 23. Bd5 Rf6 24. Rdc3 Qd7 25. h4 Re8 26. Re3 Rxe3 27. Qxe3
Kg7 28. Bg2 d5 29. h5 h6 30. hxg6 fxg6 31. Rd1 Rd6 32. Qc5 d4 33. b4 a6 34. a4
Re6 35. Bh3 Qd6 36. Bxe6 Qxe6 37. Rd2 Qe4 38. b5 Qb1+ 39. Kg2 Qe4+ 40. f3 Qe3
41. bxc6 Qxd2 42. Qe7+ Kg8 43. cxb7 1-0

[Event "London Classic Superrapid"]
[Site "London ENG"]
[Date "2016.12.18"]
[Round "6.10"]
[White "Gharamian, Tigran"]
[Black "Arkell, Keith C"]
[Result "1-0"]
[WhiteTitle "GM"]
[BlackTitle "GM"]
[WhiteElo "2621"]
[BlackElo "2447"]
[WhiteFideId "13301527"]
[BlackFideId "400270"]
[EventDate "2016.12.17"]

1. e4 c6 2. d4 d5 3. Nd2 dxe4 4. Nxe4 Nd7 5. Nf3 Ngf6 6. Ned2 g6 7. g3 Bg7 8.
Bg2 O-O 9. O-O c5 10. dxc5 Nxc5 11. Nb3 Qxd1 12. Rxd1 Nfe4 13. Re1 Re8 14. Nfd4
Nxb3 15. Nxb3 Nd6 16. c3 Rb8 17. Bg5 e5 18. Na5 h6 19. Be3 b6 20. Nc6 Rb7 21.
Rad1 Nf5 22. Bc1 Rc7 23. f4 Be6 24. a3 Bb3 25. Rd2 f6 26. fxe5 fxe5 27. Nb4 Rf7
28. Rde2 a5 29. Bd5 Bxd5 30. Nxd5 b5 31. Nf4 Kh7 32. Nd3 Rfe7 33. Nc5 Rc8 34.
Ne4 Rd7 35. Kg2 a4 36. g4 Ne7 37. g5 hxg5 38. Bxg5 Nc6 39. Rf1 Na5 40. Rf3 Nc4
41. Bf6 Rc6 42. Ref2 Kg8 43. Rg3 Kh7 44. Rh3+ Kg8 45. Rg3 Kh7 46. h4 Rdc7 47. h5
gxh5 48. Rf5 Kh6 49. Bg5+ Kg6 50. Rf1 Kh7 51. Bf6 Nd2 52. Nxd2 Rxf6 53. Rh1 Rf5
54. Ne4 Rd7 55. Rgh3 Kg6 56. Rg3+ Kf7 57. Rgh3 Rf4 58. Re1 Kg6 59. Re2 h4 60.
Nf2 Kf5 61. Rhe3 Rd6 62. Kh2 Kg6 63. Nd3 Rf5 64. Nf2 Bh6 65. Re4 Bf4+ 66. Kh3
Rg5 67. Nh1 Rd3+ 68. Kxh4 Rh5+ 1-0

[Event "London Classic Superrapid"]
[Site "London ENG"]
[Date "2016.12.18"]
[Round "6.12"]
[White "Lenderman, Aleksandr"]
[Black "Schroeder, Jan-Christian"]
[Result "1-0"]
[WhiteTitle "GM"]
[BlackTitle "GM"]
[WhiteElo "2581"]
[BlackElo "2541"]
[WhiteFideId "2021285"]
[BlackFideId "24662259"]
[EventDate "2016.12.17"]

1. a3 d5 2. Nf3 Nf6 3. e3 Bg4 4. h3 Bh5 5. c4 e6 6. b4 Be7 7. Bb2 O-O 8. Be2 a5
9. b5 Nbd7 10. O-O Nc5 11. d4 Nce4 12. Nbd2 c5 13. bxc6 bxc6 14. Ne5 Bxe2 15.
Qxe2 Qc8 16. Rfc1 Qa6 17. Nxe4 Nxe4 18. Rc2 Bd6 19. f3 Ng3 20. Qe1 Bxe5 21. dxe5
Nf5 22. e4 dxe4 23. fxe4 Ne7 24. Bd4 Ng6 25. Qc3 a4 26. Rb1 Rfb8 27. Rcb2 Rxb2
28. Rxb2 h6 29. Rb6 Qc8 30. Qb4 Qd8 31. Qd6 Qg5 32. Rb8+ Rxb8 33. Qxb8+ Kh7 34.
Qb2 Nf4 35. Kh2 Nd3 36. Qe2 Nxe5 37. Be3 Qh4 38. Bd2 Qd8 39. Bc3 Qd6 40. Kh1 f6
41. Bxe5 Qxe5 42. Qd1 Qa5 43. e5 fxe5 44. Qd3+ Kg8 45. Qd6 Qe1+ 46. Kh2 Qe4 47.
Qxe6+ Kh7 48. Kh1 h5 49. c5 Qe1+ 50. Kh2 Qe4 51. Kh1 h4 52. Qd6 Qe1+ 53. Kh2 Qe4
54. Kh1 Qe1+ 55. Kh2 Qg3+ 56. Kh1 Qxa3 57. Qxe5 Qg3 58. Qh5+ Kg8 59. Qe8+ Kh7
60. Qh5+ 1-0

[Event "London Classic Superrapid"]
[Site "London ENG"]
[Date "2016.12.18"]
[Round "6.13"]
[White "Gupta, Abhijeet"]
[Black "Roberson, Peter T"]
[Result "1-0"]
[WhiteTitle "GM"]
[BlackTitle "IM"]
[WhiteElo "2634"]
[BlackElo "2401"]
[WhiteFideId "5010608"]
[BlackFideId "412384"]
[EventDate "2016.12.17"]

1. d4 e6 2. c4 Nf6 3. Nc3 Bb4 4. Qc2 b6 5. Nf3 Bb7 6. a3 Bxc3+ 7. Qxc3 d6 8. e3
Nbd7 9. Be2 a5 10. b3 O-O 11. Bb2 Ne4 12. Qc2 f5 13. O-O Rf6 14. d5 Rg6 15. Rad1
e5 16. b4 Rh6 17. Bd3 Ndf6 18. Nd2 Ng4 19. Bxe4 Nxh2 20. Bxf5 Nxf1 21. Nxf1 Qh4
22. Ng3 Rf8 23. Qe4 Qh2+ 24. Kf1 Bc8 25. Ke2 Bxf5 26. Nxf5 Rhf6 27. g4 g6 28.
Rh1 gxf5 29. gxf5 Qxh1 30. Qxh1 Rxf5 31. Qg2+ Kf7 32. bxa5 bxa5 33. Bc3 a4 34.
Ba5 Rb8 35. Bb4 Rf8 36. c5 dxc5 37. Bxc5 Rg8 38. Qh3 Rf6 39. Qxh7+ Rg7 40. Qh5+
Kg8 41. Qxe5 Rgf7 42. e4 Kh7 43. Qh5+ Kg8 44. Bd4 1-0

[Event "London Classic Superrapid"]
[Site "London ENG"]
[Date "2016.12.18"]
[Round "6.16"]
[White "Hovhannisyan, Robert"]
[Black "Gomes, Mary Ann"]
[Result "1/2-1/2"]
[WhiteTitle "GM"]
[BlackTitle "WGM"]
[WhiteElo "2630"]
[BlackElo "2302"]
[WhiteFideId "13302507"]
[BlackFideId "5013623"]
[EventDate "2016.12.17"]

1. e4 c5 2. Nf3 d6 3. d4 cxd4 4. Nxd4 Nf6 5. Nc3 a6 6. Be2 e5 7. Nf3 Be7 8. Bg5
Be6 9. Bxf6 Bxf6 10. Qd2 Nc6 11. Nd5 Bxd5 12. Qxd5 Rc8 13. c3 O-O 14. Rd1 Qb6
15. Qb3 Qxb3 16. axb3 Rfd8 17. Bc4 b5 18. Bd5 b4 19. Bxc6 Rxc6 20. c4 a5 21. Ra1
Ra8 22. Ke2 Bd8 23. Ne1 Bb6 24. Nc2 Bc5 25. Rhd1 Rca6 26. Ra4 f6 27. Ne1 Bd4 28.
Nd3 Kf7 29. g3 g5 30. Rda1 R6a7 31. Rd1 Kg6 32. Ne1 f5 33. Nf3 Bc5 34. Rd5 Rc7
35. exf5+ Kxf5 36. Ne1 Ke6 37. Nd3 e4 38. Nxc5+ Rxc5 39. Rxc5 dxc5 40. Ra1 h6
41. Ke3 Kf5 42. Rd1 Kg4 43. Rd6 Rf8 44. Rxh6 Rf3+ 45. Kxe4 Rxf2 46. h4 gxh4 47.
Rxh4+ Kxg3 48. Rh5 Re2+ 49. Kd5 Rxb2 50. Kxc5 Rxb3 51. Kb5 Rc3 52. Rh1 b3 53.
Rb1 a4 54. Kb4 Rc2 55. c5 Kf4 56. Kxa4 Rxc5 1/2-1/2

[Event "London Classic Superrapid"]
[Site "London ENG"]
[Date "2016.12.18"]
[Round "6.17"]
[White "Svane, Rasmus"]
[Black "Powierski, Emil"]
[Result "1/2-1/2"]
[WhiteTitle "GM"]
[WhiteElo "2555"]
[BlackElo "2317"]
[WhiteFideId "4657101"]
[BlackFideId "4656199"]
[EventDate "2016.12.17"]

1. d4 Nf6 2. c4 g6 3. Nc3 Bg7 4. e4 d6 5. Nf3 O-O 6. Be2 e5 7. O-O exd4 8. Nxd4
Re8 9. f3 Nc6 10. Be3 Nh5 11. Nc2 Be5 12. Nd5 Bxb2 13. Rb1 Bg7 14. Qd2 f5 15.
Bg5 Nf6 16. Qf4 Nxd5 17. cxd5 Nd4 18. Nxd4 Bxd4+ 19. Kh1 Bf6 20. Bxf6 Qxf6 21.
Qc1 Re7 22. Rb4 Qg7 23. Qc2 a5 24. Rb3 b6 25. Rc3 fxe4 26. fxe4 Ba6 27. Bxa6
Rxa6 28. Rc1 Ra7 29. a4 Rb7 30. h3 Qe5 31. Rf3 Qxe4 32. Qf2 Rb8 33. Rf1 Ree8 34.
Rf7 Qxd5 35. Qf6 Qe5 36. Qh4 Qh5 37. Qc4 d5 38. Qxc7 Rf8 39. Rg7+ Kh8 40. Rxf8+
Rxf8 41. Qc3 d4 42. Qxd4 Qc5 43. Qxc5 bxc5 44. Ra7 Rc8 45. Rxa5 c4 46. Rb5 c3
47. Rb1 Kg7 48. Kg1 h5 49. Kf2 Ra8 50. Rc1 Rxa4 51. Rxc3 Kf6 1/2-1/2

[Event "London Classic Superrapid"]
[Site "London ENG"]
[Date "2016.12.18"]
[Round "6.18"]
[White "Gallagher, Joseph G."]
[Black "Karthikeyan, Murali"]
[Result "0-1"]
[WhiteTitle "GM"]
[BlackTitle "GM"]
[WhiteElo "2433"]
[BlackElo "2530"]
[WhiteFideId "1303422"]
[BlackFideId "5074452"]
[EventDate "2016.12.17"]

1. e4 c5 2. Nf3 d6 3. Bb5+ Nd7 4. O-O Nf6 5. Re1 a6 6. Bf1 e5 7. c3 Be7 8. d4
O-O 9. a4 exd4 10. cxd4 d5 11. exd5 Nxd5 12. Bc4 N7b6 13. Ba2 Nb4 14. Nc3 Nxa2
15. Rxa2 Bg4 16. d5 Bf6 17. a5 Bxc3 18. bxc3 Bxf3 19. Qxf3 Qxd5 20. Qe2 Nd7 21.
c4 Qc6 22. Be3 Rfe8 23. Rb1 b6 24. axb6 Nxb6 25. Ra5 Re4 26. Qf3 Nxc4 27. Rxa6
Qxa6 28. Qxe4 Nxe3 29. Qxe3 Qc6 30. h3 h5 31. Rc1 Rc8 32. Rc4 Qd5 33. Qc3 Qd6
34. Qc2 Re8 35. Qb1 g6 36. g3 Re2 37. Rf4 Qd5 38. Kh2 Rd2 39. h4 Rd4 40. Qb8+
Kg7 41. Rxd4 Qxd4 42. Kg2 c4 43. Qc7 c3 44. Kf3 Qd3+ 45. Kg2 c2 46. Qe5+ Kh7 47.
Qc7 Qd5+ 48. Kh2 Qf5 49. Kg2 Kg8 50. Qd8+ Kg7 51. Qc7 Qd5+ 52. Kh2 Qd2 53. Qe5+
Kh7 54. Qf6 Kg8 0-1

[Event "London Classic Superrapid"]
[Site "London ENG"]
[Date "2016.12.18"]
[Round "6.19"]
[White "Adair, James R"]
[Black "Speelman, Jon S"]
[Result "0-1"]
[WhiteTitle "IM"]
[BlackTitle "GM"]
[WhiteElo "2489"]
[BlackElo "2526"]
[WhiteFideId "406252"]
[BlackFideId "400033"]
[EventDate "2016.12.17"]

1. e4 c6 2. d4 d5 3. e5 Bf5 4. Nf3 e6 5. Be2 Bb4+ 6. c3 Ba5 7. Qb3 Bb6 8. a4 a5
9. Nh4 Bxb1 10. Rxb1 Nd7 11. Nf3 Ne7 12. O-O c5 13. Bb5 Nc6 14. Be3 O-O 15. Qd1
Rc8 16. Rc1 cxd4 17. cxd4 f5 18. exf6 Nxf6 19. h3 Bc7 20. Re1 Bd6 21. Bg5 h6 22.
Bd2 Ne4 23. Be3 Qf6 24. Bd3 Nb4 25. Bb1 Bb8 26. Rxc8 Rxc8 27. Bc1 Bf4 28. Bxf4
Qxf4 29. Re3 Rc6 30. Qf1 Ng3 31. Qe1 Rc1 32. Qxc1 Ne2+ 33. Rxe2 Qxc1+ 34. Re1
Qc6 35. Bg6 Kf8 36. Re3 Ke7 37. Bf5 Qxa4 38. Rxe6+ Kd8 39. Rg6 Nc6 40. Rxg7 Nxd4
41. Nxd4 Qd1+ 42. Kh2 Qxd4 43. Rf7 Qxf2 44. Rd7+ Ke8 45. Rxd5 Qxb2 46. Rxa5 b5
47. Bd3 Qe5+ 48. g3 Qb2+ 49. Kh1 Qc1+ 0-1

[Event "London Classic Superrapid"]
[Site "London ENG"]
[Date "2016.12.18"]
[Round "6.20"]
[White "Turner, Matthew J"]
[Black "Soumya, Swaminathan"]
[Result "1-0"]
[WhiteTitle "GM"]
[BlackTitle "WGM"]
[WhiteElo "2523"]
[BlackElo "2384"]
[WhiteFideId "402893"]
[BlackFideId "5016193"]
[EventDate "2016.12.17"]

1. Nf3 c5 2. g3 Nc6 3. d4 cxd4 4. Nxd4 Qb6 5. Nb3 Nf6 6. Bg2 g6 7. O-O Bg7 8. c4
d6 9. Nc3 O-O 10. Be3 Qd8 11. h3 Ne5 12. c5 Nc4 13. Bc1 Be6 14. cxd6 exd6 15.
Nd4 Qd7 16. b3 Na5 17. Nxe6 fxe6 18. Bb2 Rac8 19. Rc1 b5 20. Qd3 b4 21. Na4 d5
22. Nc5 Qd6 23. Bxf6 Rxc5 24. Bxg7 Rxc1 25. Rxc1 Kxg7 26. Qd4+ Kg8 27. Qxa7 Nc6
28. Qb6 Rc8 29. e4 Qd7 30. exd5 exd5 31. Qb5 Kf8 32. Bxd5 Nb8 33. Qxb4+ Kg7 34.
Qd4+ Kh6 35. Rxc8 Qxc8 36. Kg2 Nd7 37. b4 Qc7 38. a4 Nb6 39. a5 Nc8 40. Bf3 Na7
41. Qd5 Qb8 42. Qd2+ Kg7 43. Qd4+ Kh6 44. Qb6 1-0

[Event "London Classic Superrapid"]
[Site "London ENG"]
[Date "2016.12.18"]
[Round "6.21"]
[White "Strugnell, Carl"]
[Black "Hebden, Mark L"]
[Result "1-0"]
[WhiteTitle "FM"]
[BlackTitle "GM"]
[WhiteElo "2220"]
[BlackElo "2492"]
[WhiteFideId "616753"]
[BlackFideId "400084"]
[EventDate "2016.12.17"]

1. e4 e5 2. Nf3 Nc6 3. Bb5 a6 4. Ba4 Nf6 5. O-O Be7 6. Re1 b5 7. Bb3 O-O 8. a4
Bb7 9. d3 d6 10. Nbd2 Na5 11. Ba2 c5 12. c3 h6 13. Nf1 Rb8 14. Ng3 b4 15. d4 b3
16. Bb1 Qc7 17. Bd3 Bc8 18. Nh4 cxd4 19. cxd4 Nc6 20. d5 Nd4 21. Be3 Nxd5 22.
Bxd4 Bxh4 23. Bxe5 dxe5 24. exd5 Bxg3 25. hxg3 Qd6 26. Bc4 Qb4 27. Qd3 e4 28.
Qxe4 Bd7 29. Qd3 a5 30. d6 Rb6 31. Rad1 Bxa4 32. Re4 Qc5 33. d7 Rbb8 34. Bxf7+
Rxf7 35. d8=Q+ Rxd8 36. Qxd8+ Rf8 37. Qd2 Bc6 38. Rf4 Rxf4 39. Qxf4 a4 40. Rc1
Qd5 41. Qc4 Qxc4 42. Rxc4 Bd7 43. Rc7 Bb5 44. Rb7 Bc6 45. Rb6 Bd7 46. f3 Kf7 47.
Kf2 h5 48. Ke3 g5 49. Kd4 h4 50. gxh4 gxh4 51. Kc3 Be6 52. Rb4 Ke8 1-0

[Event "London Classic Superrapid"]
[Site "London ENG"]
[Date "2016.12.18"]
[Round "6.23"]
[White "Cherniaev, Alexander"]
[Black "Batchelor, Peter J"]
[Result "0-1"]
[WhiteTitle "GM"]
[BlackTitle "FM"]
[WhiteElo "2439"]
[BlackElo "2365"]
[WhiteFideId "4117301"]
[BlackFideId "424854"]
[EventDate "2016.12.17"]

1. c4 Nf6 2. g3 c6 3. Bg2 d5 4. Nf3 g6 5. b3 Bg7 6. Bb2 O-O 7. O-O a5 8. d3 Nbd7
9. Qc2 Re8 10. Rd1 e5 11. cxd5 Nxd5 12. a3 Qb6 13. Nbd2 Qc5 14. Qb1 N7b6 15. Qa2
Qe7 16. Rac1 f6 17. Qb1 Be6 18. Qc2 a4 19. b4 Nc7 20. h3 Nb5 21. Nc4 Qc7 22. e3
Rad8 23. Nfd2 Bf7 24. Kh2 f5 25. Kg1 Kh8 26. Qb1 Bg8 27. Bf1 Nd6 28. Nxb6 Qxb6
29. Rc5 Qc7 30. Qc2 f4 31. e4 fxg3 32. fxg3 Qe7 33. Bg2 Nb5 34. Kh2 Rf8 35. Rf1
Rxf1 36. Bxf1 Rf8 37. Bg2 Nd4 38. Qxa4 Rf2 39. Bxd4 exd4 40. Nf3 Qf7 41. Ne1 Re2
42. Qd1 Qf2 0-1

[Event "London Classic Superrapid"]
[Site "London ENG"]
[Date "2016.12.18"]
[Round "6.24"]
[White "Hector, Jonny"]
[Black "Caoili, Arianne"]
[Result "1-0"]
[WhiteTitle "GM"]
[BlackTitle "WIM"]
[WhiteElo "2488"]
[BlackElo "2137"]
[WhiteFideId "1700090"]
[BlackFideId "5201179"]
[EventDate "2016.12.17"]

1. d4 f5 2. Nc3 Nf6 3. Bg5 d5 4. Bxf6 exf6 5. e3 c6 6. Bd3 Bd6 7. Qf3 g6 8. h4
h5 9. Nge2 Be6 10. Nf4 Bf7 11. O-O-O Na6 12. Qe2 Nb4 13. f3 Bxf4 14. exf4+ Kf8
15. g4 Qd6 16. gxf5 Nxd3+ 17. Qxd3 Qxf4+ 18. Kb1 Qxf5 19. Qxf5 gxf5 20. Ne2 Re8
21. Nf4 Re3 22. Rdf1 Rg8 23. Rh3 Ke7 24. Kc1 Kd6 25. Kd2 Re7 26. Rhh1 c5 27.
dxc5+ Kxc5 28. Rhg1 Ree8 29. Rxg8 Rxg8 30. Re1 Kd6 31. b3 Rg3 32. Ke3 Rg8 33.
Kd4 Rg3 34. Rf1 Rg8 35. Rd1 Rc8 36. Rd2 Rg8 37. Rd1 Rc8 38. c3 Rg8 39. Ke3 Re8+
40. Kf2 Ke5 41. Ke3 Kd6+ 42. Kd4 Rg8 43. Rf1 Rg3 44. Ke3 Rg8 45. Rd1 Re8+ 46.
Kf2 Ke5 47. Nd3+ Kd6 48. Nb4 a5 49. Nxd5 Ke5 50. Nb6 Be6 51. Nc4+ Bxc4 52. Re1+
Kd6 53. Rxe8 Be6 54. Rb8 Kc7 55. Rf8 a4 56. Rxf6 Kd7 57. bxa4 Ke7 58. Rh6 1-0

[Event "London Classic Superrapid"]
[Site "London ENG"]
[Date "2016.12.18"]
[Round "7.1"]
[White "Bacrot, Etienne"]
[Black "Shabalov, Alexander"]
[Result "1-0"]
[WhiteTitle "GM"]
[BlackTitle "GM"]
[WhiteElo "2689"]
[BlackElo "2563"]
[WhiteFideId "605506"]
[BlackFideId "2008572"]
[EventDate "2016.12.17"]

1. Nf3 f5 2. c4 Nf6 3. g3 g6 4. d4 Bg7 5. Bg2 O-O 6. Nc3 d6 7. O-O Nc6 8. d5 Ne5
9. Nxe5 dxe5 10. Qb3 Kh8 11. Rd1 a6 12. c5 Rb8 13. Qa3 h6 14. b3 g5 15. Bb2 Qe8
16. d6 exd6 17. cxd6 cxd6 18. Rxd6 Qh5 19. Rad1 f4 20. Rxf6 Rxf6 21. Rd8+ Kh7
22. Be4+ Bf5 23. Bxf5+ Rxf5 24. Rxb8 e4 25. Rxb7 e3 26. Ne4 Rf7 27. Rxf7 Qxf7
28. Bxg7 f3 29. Qxa6 1-0

[Event "London Classic Superrapid"]
[Site "London ENG"]
[Date "2016.12.18"]
[Round "7.2"]
[White "Cornette, Matthieu"]
[Black "Melkumyan, Hrant"]
[Result "1/2-1/2"]
[WhiteTitle "GM"]
[BlackTitle "GM"]
[WhiteElo "2597"]
[BlackElo "2633"]
[WhiteFideId "620084"]
[BlackFideId "13302485"]
[EventDate "2016.12.17"]

1. e4 e6 2. d4 d5 3. Nd2 dxe4 4. Nxe4 Bd7 5. Nf3 Bc6 6. Bd3 Nd7 7. Bf4 Ngf6 8.
Nxf6+ Nxf6 9. c3 Bd6 10. Be5 Bxe5 11. Nxe5 Qd5 12. f3 Bb5 13. Bxb5+ Qxb5 14. Qe2
Qxe2+ 15. Kxe2 h5 16. f4 a5 17. a4 Ke7 18. Rhf1 g6 19. h4 Nd5 20. g3 Rhd8 21.
Rfd1 Ra6 22. Nc4 f6 23. Rd3 Kf7 24. Rad1 Rda8 25. R1d2 Rc6 26. Ne3 Rd8 27. Nxd5
exd5 28. Re3 Rdd6 29. Kd3 Re6 30. Rde2 Rxe3+ 31. Rxe3 Rb6 32. Re2 Ra6 33. Re3
Ra8 34. Re1 c6 35. c4 dxc4+ 36. Kxc4 Rd8 37. Re3 Rd7 38. Kc5 Rd5+ 39. Kc4 Rd7
40. Kc5 Rd5+ 41. Kc4 1/2-1/2